000
00241pam a2200121 a 4500
020
_c
041
_h
100
_a
Gay and Junetha
245
_a
Common Butterflies of India Nature Guide
300
_a
67
653
_a
Birds
930
_a
921
999
_c
246774
_d
246774